A history of the english language

Αποθηκεύτηκε σε:
Λεπτομέρειες βιβλιογραφικής εγγραφής
Κύριος συγγραφέας: Baugh, Albert C (Συγγραφέας)
Μορφή: Βιβλίο
Γλώσσα:Αγγλικά
Έκδοση: Nueva York Appleton Century Crofts 1957
Έκδοση:2a. ed
Θέματα:
Ετικέτες: Προσθήκη ετικέτας
Δεν υπάρχουν, Καταχωρήστε ετικέτα πρώτοι!

MARC

LEADER 00000nam a2200000 a 4500
001 UCI4833
003 CL-VaPUC
008 080307e19570000US |||||||||||||||||eng|d
082 0 4 |a 420  |b BAU  |2 21 
100 0 |a Baugh, Albert C  |e author  |9 526884 
245 1 2 |a A history of the english language 
250 |a 2a. ed 
300 |a 506 p 
942 |c BK 
945 |d 20080307 00:00:00  |a rbrito 
260 |a Nueva York  |b Appleton Century Crofts  |c 1957 
500 |a Donación padres capuchinos 
650 7 |a INGLES-HISTORIA  |2 CL-VaPUC  |9 313262 
650 0 |a Lingüística  |9 265068 
650 7 |a HISTORIA DE LA LINGUISTICA  |2 CL-VaPUC  |9 471738 
650 7 |a DIALECTOLOGIA  |2 CL-VaPUC  |9 461785 
583 |a last modification  |c 20080307 00:00:00  |k Rodrigo Vera 
999 |c 328680  |d 328678 
952 |0 0  |1 0  |4 0  |6 420_000000000000000_BAU_1957  |7 0  |8 A  |9 412751  |a FDOPOS  |b FDOPOS  |d 2019-11-22  |i 4410459  |o 420 BAU 1957  |p 4410459  |r 2025-01-22  |w 2019-11-22  |y BK  |k MLA